|
|
|
|
| LEADER |
02496nam a22004093i 4500 |
| 001 |
EBC6978385 |
| 003 |
MiAaPQ |
| 005 |
20231204023224.0 |
| 006 |
m o d | |
| 007 |
cr cnu|||||||| |
| 008 |
231204s2018 xx o ||||0 ger d |
| 020 |
|
|
|a 9783110555080
|q (electronic bk.)
|
| 020 |
|
|
|z 9783110554977
|
| 035 |
|
|
|a (MiAaPQ)EBC6978385
|
| 035 |
|
|
|a (Au-PeEL)EBL6978385
|
| 035 |
|
|
|a (OCoLC)1156859336
|
| 040 |
|
|
|a MiAaPQ
|b eng
|e rda
|e pn
|c MiAaPQ
|d MiAaPQ
|
| 050 |
|
4 |
|a R118.6.L56 2018
|
| 082 |
0 |
|
|a 610.1/4
|
| 100 |
1 |
|
|a Lindner, Bettina.
|
| 245 |
1 |
0 |
|a Medizinische Gutachten des 17. und 18. Jahrhunderts :
|b Sprachhistorische Untersuchungen Zu Einer Textsortenklasse.
|
| 250 |
|
|
|a 1st ed.
|
| 264 |
|
1 |
|a Berlin/Boston :
|b Walter de Gruyter GmbH,
|c 2018.
|
| 264 |
|
4 |
|c ©2018.
|
| 300 |
|
|
|a 1 online resource (286 pages)
|
| 336 |
|
|
|a text
|b txt
|2 rdacontent
|
| 337 |
|
|
|a computer
|b c
|2 rdamedia
|
| 338 |
|
|
|a online resource
|b cr
|2 rdacarrier
|
| 490 |
1 |
|
|a Lingua Academica Series ;
|v v.2
|
| 505 |
0 |
|
|a Intro -- Danksagung -- Inhaltsverzeichnis -- 1 .Einleitung -- 2.Sprachgeschichte als Textsortengeschichte -- 3.Methode und Zielsetzung -- 4. Fallsammlungen und Gutachten in (medizin) historischer, literatur- und sprachwissenschaftlicher Sicht -- 5 .Kulturgeschichtlicher Kontext -- 6. Zwischen Dokumentation und Didaxe - medizinische Fallsammlungen in ihrem Entstehungsund Wirkungszusammenhang -- 7 .Die Kommunikationssituation - medizinische Gutachten im Spannungsfeld von Verwaltung und Wissenschaft -- 8. Reſponſum, Viſum repertum, Conſilium - zur Bezeichnungsvielfalt einer Textsortenklasse -- 9.Textstrukturen medizinischer Gutachten -- 10. Feinanalysen -- 11. Medizinische Gutachten des 17. und 18. Jahrhunderts - Resümee und Ausblick -- 12. Übersicht Korpustexte -- 13. Quellen- und Literaturverzeichnis -- Register.
|
| 588 |
|
|
|a Description based on publisher supplied metadata and other sources.
|
| 590 |
|
|
|a Electronic reproduction. Ann Arbor, Michigan : ProQuest Ebook Central, 2023. Available via World Wide Web. Access may be limited to ProQuest Ebook Central affiliated libraries.
|
| 655 |
|
4 |
|a Electronic books.
|
| 776 |
0 |
8 |
|i Print version:
|a Lindner, Bettina
|t Medizinische Gutachten des 17. und 18. Jahrhunderts
|d Berlin/Boston : Walter de Gruyter GmbH,c2018
|z 9783110554977
|
| 797 |
2 |
|
|a ProQuest (Firm)
|
| 830 |
|
0 |
|a Lingua Academica Series
|
| 856 |
4 |
0 |
|u https://ebookcentral.proquest.com/lib/matrademy/detail.action?docID=6978385
|z Click to View
|